Grappling with destiny. (Record no. 14201)

000 -LEADER
fixed length control field 00552nam a2200181 a 4500
001 - CONTROL NUMBER
control field :::00012026$&:&@@
003 - CONTROL NUMBER IDENTIFIER
control field OkBaRHE
005 - DATE AND TIME OF LATEST TRANSACTION
control field 20000607103415.0
008 - FIXED-LENGTH DATA ELEMENTS--GENERAL INFORMATION
fixed length control field s1962 j 000 0 eng u
040 ## - CATALOGING SOURCE
Transcribing agency
100 1# - MAIN ENTRY--PERSONAL NAME
Personal name Miller, Basil William, 1897-
245 10 - TITLE STATEMENT
Title Grappling with destiny.
260 ## - PUBLICATION, DISTRIBUTION, ETC. (IMPRINT)
Place of publication, distribution, etc Los Angeles, CA., :
Name of publisher, distributor, etc Wings of Healing, Inc.
Date of publication, distribution, etc c1962
300 ## - PHYSICAL DESCRIPTION
Extent 244 p. ;
Dimensions 23 cm.
650 ## - SUBJECT ADDED ENTRY--TOPICAL TERM
Topical term or geographic name as entry element Wyatt, Thomas.
942 ## - ADDED ENTRY ELEMENTS (KOHA)
Source of classification or shelving scheme
Koha item type Books
Copies
Lost status Source of classification or shelving scheme Date last seen Price effective from Damaged status Barcode Date acquired Full call number Not for loan Permanent Location Koha item type Copy number Shelving location Withdrawn status
  2010-04-142010-04-14 120262010-04-14BX 8764 .Z8W8 RHEMA Bible Training CollegeBooks1General Stacks